000 00915nam a2200229Ia 4500
999 _c39645
_d39645
001 6245
003 GE_BSU
005 20200218114127.0
008 181216s20 ||||ge |||||||||||||| ||geo||
020 _a97899414132278
040 _cGE_BSU
041 _ageo
080 _a821.14'01-394-133.1 ჟ-76
100 _aჟიროდუ, ჟან
_97131
245 _aტროას ომი არ იქნება :
_bპიესა /
_cჟან ჟიროდუ ; ფრანგ. თარგმნა სიბილა გელაძემ.
264 _aთბილისი :
_bუნ-ტის გამ-ბა,
_c2011.
300 _a274 გვ. ;
_c15 სმ.
653 _aტროას ომი არ იქნება
653 _aპიესა
700 _aსიბილა, გელაძე
_eფრანგულიდან თარგმნა
_97132
942 _cBK
_2udc